Организация конференц-недели как способ повышения мотивации к изучению иностранного языка у студентов технических специальностей; Филологические науки. Вопросы теории и практики; № 8 (26), Ч. 2

Dettagli Bibliografici
Parent link:Филологические науки. Вопросы теории и практики.— , 2008-
№ 8 (26), Ч. 2.— 2013.— [С. 179-182]
Autore principale: Сумцова О. В. Ольга Витальевна
Ente Autore: Национальный исследовательский Томский политехнический университет Институт физики высоких технологий Кафедра иностранных языков Института физики высоких технологий
Riassunto:Заглавие с экрана
В статье рассматривается проблема повышение мотивации у студентов неязыковых специальностей к изучению иностранного языка посредством привлечения их к участию в конференц-неделях. Проанализированы основные виды мотивации и рассмотрен опыт проведения конференц-недель в Национальном исследовательском Томском политехническом университете, способствующих ее росту. Особое внимание уделяется мероприятиям, организуемым в рамках конференц-недель.
The author considers the problem of increasing nonlinguistic specialties students’ motivation in the study of a foreign language by involving them into participation in conference weeks, analyzes the main types of motivation, describes the experience of conducting conference weeks at National Research Tomsk Polytechnic University, contributing to its increase, and pays particular attention to activities organized within the framework of conference weeks.
Lingua:russo
Pubblicazione: 2013
Serie:Педагогические науки
Soggetti:
Accesso online:https://www.elibrary.ru/item.asp?id=20138853
https://www.gramota.net/materials/2/2013/8-2/49.html
Natura: Elettronico Capitolo di libro
KOHA link:https://koha.lib.tpu.ru/cgi-bin/koha/opac-detail.pl?biblionumber=663800

MARC

LEADER 00000naa0a2200000 4500
001 663800
005 20250506170211.0
035 |a (RuTPU)RU\TPU\network\34970 
035 |a RU\TPU\network\17526 
090 |a 663800 
100 |a 20210310d2013 k||y0rusy50 ca 
101 0 |a rus 
102 |a RU 
135 |a drcn ---uucaa 
181 0 |a i  
182 0 |a b 
200 1 |a Организация конференц-недели как способ повышения мотивации к изучению иностранного языка у студентов технических специальностей  |d Organization of conference week as means of increasing technical higher education establishment students' motivation to study foreign language  |f О. В. Сумцова 
203 |a Текст  |c электронный 
225 1 |a Педагогические науки 
300 |a Заглавие с экрана 
320 |a [Библиогр.: с. 181 (6 назв.)] 
330 |a В статье рассматривается проблема повышение мотивации у студентов неязыковых специальностей к изучению иностранного языка посредством привлечения их к участию в конференц-неделях. Проанализированы основные виды мотивации и рассмотрен опыт проведения конференц-недель в Национальном исследовательском Томском политехническом университете, способствующих ее росту. Особое внимание уделяется мероприятиям, организуемым в рамках конференц-недель. 
330 |a The author considers the problem of increasing nonlinguistic specialties students’ motivation in the study of a foreign language by involving them into participation in conference weeks, analyzes the main types of motivation, describes the experience of conducting conference weeks at National Research Tomsk Polytechnic University, contributing to its increase, and pays particular attention to activities organized within the framework of conference weeks. 
461 |t Филологические науки. Вопросы теории и практики  |d 2008- 
463 |t № 8 (26), Ч. 2  |v [С. 179-182]  |d 2013 
510 1 |a Organization of conference week as means of increasing technical higher education establishment students' motivation to study foreign language  |z eng 
610 1 |a электронный ресурс 
610 1 |a труды учёных ТПУ 
610 1 |a конференц-недели 
610 1 |a внешняя мотивация 
610 1 |a внутренняя мотивация 
610 1 |a коммуникативные компетенции 
610 1 |a иноязычное общение 
700 1 |a Сумцова  |b О. В.  |c лингвист  |c старший преподаватель Томского политехнического университета, кандидат филологических наук  |f 1977-  |g Ольга Витальевна  |3 (RuTPU)RU\TPU\pers\30355  |9 14700 
712 0 2 |a Национальный исследовательский Томский политехнический университет  |b Институт физики высоких технологий  |b Кафедра иностранных языков Института физики высоких технологий  |3 (RuTPU)RU\TPU\col\18696 
801 2 |a RU  |b 63413507  |c 20210310  |g RCR 
850 |a 63413507 
856 4 |u https://www.elibrary.ru/item.asp?id=20138853 
856 4 |u https://www.gramota.net/materials/2/2013/8-2/49.html 
942 |c CF